| 000 | 00939cam a22002895i 4500 | ||
|---|---|---|---|
| 999 |
_c5509 _d5509 |
||
| 003 | EG-ScBUE | ||
| 005 | 20200123102830.0 | ||
| 008 | 200123s1995 ua g 000 0 ara d | ||
| 017 | _a95 / 5465 | ||
| 020 | _a9770902934 | ||
| 040 |
_aEG-ScBUE _bara _erda _cEG-ScBUE _dEG-ScBUE |
||
| 082 | 0 | 4 |
_a892.746 _bر ج ب _222 |
| 100 | 1 |
_aرجب، أحمد، _eمؤلف. |
|
| 245 | 1 | 2 |
_aالفهامة / _cأحمد رجب. |
| 250 | _aالطبعة الثانية. | ||
| 264 | 1 |
_aالقاهرة : _bدار الشروق، _c1995. |
|
| 300 |
_a111 صفحة ؛ _c22 سم |
||
| 336 |
_aنص _btxt _2rdacontent |
||
| 337 |
_aبدون وسيط _bn _2rdamedia |
||
| 338 |
_aمجلد _bnc _2rdacarrier |
||
| 650 | 7 |
_aالأدب العربي الهزلي _2BUEsh |
|
| 650 | 7 |
_aالأهاجي والفكاهات العربية. _2BUEsh |
|
| 650 | 7 |
_aالمقالات العربية. _2BUEsh |
|
| 651 | _2BUEsh | ||
| 653 |
_bARALIT _bGGEN |
||
| 942 |
_cBB _2ddc |
||